| 000 | 00407nam a22001457a 4500 | ||
|---|---|---|---|
| 082 | _aP-480 | ||
| 100 |
_aAbbas Haider _948251 |
||
| 245 |
_aAn investigation on premature failure of Mardan Mill By pass road _cHarris Ali |
||
| 260 |
_aRisalpur _bMCE _c18-11-2011 |
||
| 300 |
_a77 p.: _bill.; |
||
| 526 |
_a0 _b0 _c0 _dP_480 |
||
| 650 | _aProject | ||
| 710 |
_aDr Muhammad Jawed Iqbal _948252 |
||
| 942 |
_2ddc _cBK |
||
| 999 |
_c551247 _d551247 |
||